| 000 | 01134cam a22002413a 4500 | ||
|---|---|---|---|
| 001 | 24463 | ||
| 003 | PGUSA | ||
| 005 | 20140828083526.0 | ||
| 008 | 080131s2008||||xxu|||||s|||||000 | eng d | ||
| 040 |
_aPGUSA _beng |
||
| 042 | _adc | ||
| 050 | 4 | _aPQ | |
| 100 | 1 |
_aCastelo Branco, Camilo, _d1825-1890 |
|
| 245 | 1 | 0 |
_aNoites de insomnia, offerecidas a quem não póde dormir. Nº1 (de 12) _h[electronic resource] / _cCamilo Castelo Branco |
| 260 |
_bProject Gutenberg, _c2008 |
||
| 505 | 0 | _aProemio--Consolação a santos Nazareth--As ostras--Rehabilitação do snr. visconde de Margaride--A Rival de Brites de Almeida--Egas Moniz--Dous poetas ineditos do Porto--D. João 3.º, o principe perfeito--Subsidio para a historia de um futuro santo--O livro 5.º da Ordenação, titulo 22--Problema historico a premio--Desastre do santo officio no Porto--Rancho do Carqueja. | |
| 506 | _aPublic domain in the USA. | ||
| 516 | _aElectronic text | ||
| 740 | 0 | _aNoites de insónia, oferecidas a quem não pode dormir. Nº1 (de 12) | |
| 830 | 0 |
_aProject Gutenberg _v24463 |
|
| 856 | 4 | 0 | _uhttp://www.gutenberg.org/ebooks/24463 |
| 942 | _cEB | ||
| 999 |
_c253718 _d253718 |
||